| LEADER | 01151cam a2200301 a 4500 | ||
|---|---|---|---|
| 001 | u484874 | ||
| 003 | SIRSI | ||
| 008 | 910521s2000 my t 00 1 may m | ||
| 035 | |a ACP-9824 | ||
| 040 | |a UMM |d UMA |e rda | ||
| 043 | |a a-my-- | ||
| 090 | |a BP42 |b A1 UM 2000 Syas | ||
| 100 | 0 | 0 | |a Syahbudin Senin, |e author. |
| 245 | 1 | 0 | |a Kenaikan harga barangan perlu di Malaysia : |b satu analisis / |c Syahbudin bin Senin. |
| 264 | 1 | |c 2000. | |
| 264 | 4 | |c 2000. | |
| 300 | |a xxx, 236 leaves ; |c 29 cm. | ||
| 336 | |a text |2 rdacontent | ||
| 337 | |a unmediated |2 rdamedia | ||
| 338 | |a volume |2 rdacarrier | ||
| 502 | |a Dissertation (M.Syariah) -- Jabatan Syariah dan Undang-Undang, Akademi Pengajian Islam, Universiti Malaya, 2000. | ||
| 504 | |a Bibliography: leaves 218-236. | ||
| 650 | 0 | |a Prices |z Malaysia | |
| 710 | 2 | 0 | |a Universiti Malaya. |b Akademi Pengajian Islam. |b Bahagian Pengajian Usuluddin. |
| 948 | |a 06/07/2001 |b 11/06/2002 | ||
| 596 | |a 1 12 | ||
| 999 | |a BP42 A1 UM 2000 SYAS |w LC |c 1 |i A510574953 |d 17/12/2014 |e 17/12/2014 |l STACKS |m P01UTAMA |n 6 |r Y |s Y |t TESIS |u 20/2/2002 | ||
| 999 | |a BP42 A1 UM 2000 SYAS |w LC |c 1 |i A511079951 |l STACKS |m P12ISLAMKL |r Y |s Y |t TESIS |u 22/7/2003 | ||
